The authenticity of the tradition literature : discussions in modern Egypt /

محفوظ في:

المؤلف الرئيسي: Juynboll, G. H. A. (مؤلف)

التنسيق: كتاب

اللغة: English

منشور في: Leiden : E. J. Brill, 1969.

الموضوعات:

الوسوم: إضافة وسم

لا توجد وسوم, كن أول من يضع وسما على هذه التسجيلة!

رقم الطلب: BP135 .J89 1969

LEADER 00636nam a2200205I 4500
001 9526
003 OSt
005 20250924103702.0
008 130303s1969 ne b 000 0 eng d
040 |c ARCE Library 
050 4 |a BP135 .J89 1969 
100 1 |a Juynboll, G. H. A.,  |e author  |9 33458 
245 1 4 |a The authenticity of the tradition literature :  |b discussions in modern Egypt /  |c By G. H. A. Juynboll. 
264 1 |a Leiden :   |b E. J. Brill,   |c 1969. 
300 |a 171 pages ;  |c 25 cm. 
504 |a Bibliography : pages [153]-159. 
650 0 |a Hadith  |x Criticism, interpretation, etc. 
901 |a reviewed 
942 |c BK  |2 lcc 
999 |c 13655  |d 13655